الخلفاء الراشدين ;; Al-khulafāʼ al-rāshidīn / (Record no. 78822)
[ view plain ]
| 000 -LEADER | |
|---|---|
| fixed length control field | 00833cam a22002294a 4500 |
| 001 - CONTROL NUMBER | |
| control field | 78822 |
| 003 - CONTROL NUMBER IDENTIFIER | |
| rucl marc code | BD-RjUL |
| 005 - DATE AND TIME OF LATEST TRANSACTION | |
| control field | 20211209083158.0 |
| 008 - FIXED-LENGTH DATA ELEMENTS--GENERAL INFORMATION | |
| fixed length control field | 211117s1951 ua 000 0|ararc |
| 035 ## - SYSTEM CONTROL NUMBER | |
| System control number | (BD-RjUL)79049 |
| 040 ## - CATALOGING SOURCE | |
| Original cataloging agency | LEILA |
| Transcribing agency | LEILA |
| Modifying agency | PUL |
| -- | IXA |
| -- | DLC |
| Language of cataloging | eng |
| 041 ## - LANGUAGE CODE | |
| Language code of text/sound track or separate title | ara |
| 082 ## - DEWEY DECIMAL CLASSIFICATION NUMBER | |
| Edition number | 23 |
| Classification number | 297.648 |
| Author mark and year | NAK 1951 |
| 100 ## - MAIN ENTRY--PERSONAL NAME | |
| Personal name | najaar abd alwahaab ;; نجار, عبد الوهاب |
| 9 (RLIN) | 250183 |
| 245 10 - TITLE STATEMENT | |
| Title | الخلفاء الراشدين ;; Al-khulafāʼ al-rāshidīn / |
| Statement of responsibility, etc. | عبد الوهاب النجار ;; Abdul Wahab Al-Najjar |
| 260 ## - PUBLICATION, DISTRIBUTION, ETC. (IMPRINT) | |
| Place of publication, distribution, etc. | القاهرة : |
| Name of publisher, distributor, etc. | دار الفجر للتراث, |
| Date of publication, distribution, etc. | 1427 [2006 ] |
| 300 ## - PHYSICAL DESCRIPTION | |
| Pagination | 483 p. ; |
| Size | 22 cm. |
| 504 ## - BIBLIOGRAPHY, ETC. NOTE | |
| Bibliography, etc | Includes bibliographical references |
| 600 00 - SUBJECT ADDED ENTRY--PERSONAL NAME | |
| Personal name | Muḥammad, |
| Titles and other words associated with a name | Prophet, |
| Dates associated with a name | -632 |
| General subdivision | Companions. |
| 650 #0 - SUBJECT ADDED ENTRY--TOPICAL TERM | |
| Topical term or geographic name as entry element | Caliphs |
| Form subdivision | Biography. |
| 9 (RLIN) | 245040 |
| 942 ## - ADDED ENTRY ELEMENTS (KOHA) | |
| Source of classification or shelving scheme | Dewey Decimal Classification |
| Koha item type | Books |
| Lost status | Source of classification or shelving scheme | Damaged status | Not for loan | Collection code | Permanent Location | Current Location | Shelving location | Date acquired | Total Checkouts | Full call number | Date last seen | Copy number | Koha item type |
|---|---|---|---|---|---|---|---|---|---|---|---|---|---|
| Dewey Decimal Classification | Not For Loan | Non-fiction | Central Library, University of Rajshahi | Central Library, University of Rajshahi | Reading Room | 18/11/2021 | A 297.648 NAK 1951 | 18/11/2021 | C-1 | Books |